000 00310nam a2200133Ia 4500
005 20251222144627.0
008 251222s9999||||xx |||||||||||||| ||spa||
020 _a84-7577-808-9
082 _a659.144/M36
100 _aMeeker, Mary
245 0 _aLa Publicidad en Internet
264 _bGranica
942 _cLIB
999 _c16164
_d16164